<?xml version="1.0" encoding="UTF-8"?>
<collection xmlns="http://www.loc.gov/MARC21/slim">
 <record>
  <leader>00602pamaa2200181   4500</leader>
  <controlfield tag="001">0000001527</controlfield>
  <controlfield tag="005">20060628090000.0</controlfield>
  <datafield tag="020" ind1="0" ind2="0">
   <subfield code="a">0827378483 </subfield>
  </datafield>
  <datafield tag="082" ind1=" " ind2=" ">
   <subfield code="a">720.284 WEI</subfield>
  </datafield>
  <datafield tag="090" ind1="0" ind2="0">
   <subfield code="a">NA2708 </subfield>
   <subfield code="b">WEI 1999</subfield>
  </datafield>
  <datafield tag="100" ind1="1" ind2="0">
   <subfield code="a">WEIDHAAS </subfield>
  </datafield>
  <datafield tag="245" ind1="1" ind2="0">
   <subfield code="a">Residential architecture : </subfield>
   <subfield code="b">design and drafting  </subfield>
   <subfield code="c">Ernest R. Weidhaas, Mark D. Weidhaas.</subfield>
  </datafield>
  <datafield tag="260" ind1="0" ind2="0">
   <subfield code="a">Albany: </subfield>
   <subfield code="b">Delmar Pub.,, </subfield>
   <subfield code="c">1999.</subfield>
  </datafield>
  <datafield tag="300" ind1=" " ind2=" ">
   <subfield code="a">xv, 735p.: </subfield>
   <subfield code="b">col.ill.; </subfield>
   <subfield code="c">26cm.</subfield>
  </datafield>
  <datafield tag="650" ind1="0" ind2="0">
   <subfield code="a">Architectural drawing -- </subfield>
   <subfield code="x">Technique </subfield>
  </datafield>
  <datafield tag="650" ind1="0" ind2="0">
   <subfield code="a">Architectural design -- </subfield>
   <subfield code="x">Technique </subfield>
  </datafield>
  <datafield tag="650" ind1="0" ind2="0">
   <subfield code="a">Architecture, Domestic -- </subfield>
   <subfield code="x">Designs and plans </subfield>
  </datafield>
  <datafield tag="700" ind1="1" ind2="1">
   <subfield code="a">Weidhaas, </subfield>
   <subfield code="h">Mark D. </subfield>
  </datafield>
 </record>
</collection>
